<?xml version="1.0" encoding="UTF-8"?><?xml-stylesheet type="text/xsl" href="static/style.xsl"?><OAI-PMH xmlns="http://www.openarchives.org/OAI/2.0/" xmlns:xsi="http://www.w3.org/2001/XMLSchema-instance" xsi:schemaLocation="http://www.openarchives.org/OAI/2.0/ http://www.openarchives.org/OAI/2.0/OAI-PMH.xsd"><responseDate>2026-04-17T17:51:25Z</responseDate><request verb="GetRecord" identifier="oai:riubu.ubu.es:10259/7513" metadataPrefix="marc">https://riubu.ubu.es/oai/request</request><GetRecord><record><header><identifier>oai:riubu.ubu.es:10259/7513</identifier><datestamp>2023-03-09T01:05:18Z</datestamp><setSpec>com_10259_6688</setSpec><setSpec>com_10259_5086</setSpec><setSpec>com_10259_2604</setSpec><setSpec>com_10259_6256</setSpec><setSpec>com_10259_7328</setSpec><setSpec>com_10259_3989</setSpec><setSpec>com_10259.4_106</setSpec><setSpec>com_10259_4141</setSpec><setSpec>col_10259_6689</setSpec><setSpec>col_10259_6257</setSpec><setSpec>col_10259_7329</setSpec><setSpec>col_10259_4142</setSpec></header><metadata><record xmlns="http://www.loc.gov/MARC21/slim" xmlns:doc="http://www.lyncode.com/xoai" xmlns:xsi="http://www.w3.org/2001/XMLSchema-instance" xmlns:dcterms="http://purl.org/dc/terms/" xsi:schemaLocation="http://www.loc.gov/MARC21/slim http://www.loc.gov/standards/marcxml/schema/MARC21slim.xsd">
<leader>00925njm 22002777a 4500</leader>
<datafield tag="042" ind1=" " ind2=" ">
<subfield code="a">dc</subfield>
</datafield>
<datafield tag="720" ind1=" " ind2=" ">
<subfield code="a">Álvarez-Pardo, Sergio</subfield>
<subfield code="e">author</subfield>
</datafield>
<datafield tag="720" ind1=" " ind2=" ">
<subfield code="a">Paz, José Antonio de</subfield>
<subfield code="e">author</subfield>
</datafield>
<datafield tag="720" ind1=" " ind2=" ">
<subfield code="a">Romero-Pérez, Ena Montserrat</subfield>
<subfield code="e">author</subfield>
</datafield>
<datafield tag="720" ind1=" " ind2=" ">
<subfield code="a">Tánori-Tapia, José Manuel</subfield>
<subfield code="e">author</subfield>
</datafield>
<datafield tag="720" ind1=" " ind2=" ">
<subfield code="a">Rendón-Delcid, Pablo Alejandro</subfield>
<subfield code="e">author</subfield>
</datafield>
<datafield tag="720" ind1=" " ind2=" ">
<subfield code="a">González Bernal, Jerónimo</subfield>
<subfield code="e">author</subfield>
</datafield>
<datafield tag="720" ind1=" " ind2=" ">
<subfield code="a">Fernández Solana, Jessica</subfield>
<subfield code="e">author</subfield>
</datafield>
<datafield tag="720" ind1=" " ind2=" ">
<subfield code="a">Simón Vicente, Lucía</subfield>
<subfield code="e">author</subfield>
</datafield>
<datafield tag="720" ind1=" " ind2=" ">
<subfield code="a">Mielgo Ayuso, Juan</subfield>
<subfield code="e">author</subfield>
</datafield>
<datafield tag="720" ind1=" " ind2=" ">
<subfield code="a">González Santos, Josefa</subfield>
<subfield code="e">author</subfield>
</datafield>
<datafield tag="260" ind1=" " ind2=" ">
<subfield code="c">2023-02</subfield>
</datafield>
<datafield tag="520" ind1=" " ind2=" ">
<subfield code="a">Breast cancer (BC) is the most common cancer diagnosis with the highest mortality rate&#xd;
worldwide. The aim of this study was to identify factors related to depression and anxiety in&#xd;
mastectomized women BC survivors. A cross-sectional study was conducted with a sample of&#xd;
198 women diagnosed with BC aged 30–80 years in Mexico. Depression and anxiety were assessed&#xd;
using the 14-item Hospital Anxiety and Depression Scale (HADS). The results showed that 94.44%&#xd;
and 69.18% of the women scored more than eight points on HADS in the anxiety and depression&#xd;
subscales, respectively; 70.20% and 10.60% were identified as pathological. The following variables&#xd;
were analyzed: age, time elapsed since the start of treatment, received treatment at the time of the&#xd;
evaluation, type of surgery, family history, marital status and employment status. Time elapsed since&#xd;
surgery, having a partner, and employment showed significant results as factors associated to levels&#xd;
of depression and anxiety in these patients. In conclusion, it has been shown that BCSs under 50 years&#xd;
of age receiving some kind of treatment, without family history, without a partner, with a job, with&#xd;
more than secondary education and with more than 5 years since diagnosis could have higher rates&#xd;
of clinical depression. On the other hand, BCSs older than 50 years receiving some kind of treatment,&#xd;
without family history, without a partner, with a job, with more than secondary education and with&#xd;
more than 5 years since diagnosis, could have higher rates of clinical anxiety. In conclusion, the&#xd;
variables studied provide valuable information for the implementation of psychotherapy plans in&#xd;
healthcare systems to reduce the risk of depression and/or anxiety in women with BC who have&#xd;
undergone mastectomy.</subfield>
</datafield>
<datafield tag="024" ind2=" " ind1="8">
<subfield code="a">http://hdl.handle.net/10259/7513</subfield>
</datafield>
<datafield tag="024" ind2=" " ind1="8">
<subfield code="a">10.3390/ijerph20042881</subfield>
</datafield>
<datafield tag="024" ind2=" " ind1="8">
<subfield code="a">1660-4601</subfield>
</datafield>
<datafield ind1=" " ind2=" " tag="653">
<subfield code="a">Breast cancer</subfield>
</datafield>
<datafield ind1=" " ind2=" " tag="653">
<subfield code="a">Mastectomy</subfield>
</datafield>
<datafield ind1=" " ind2=" " tag="653">
<subfield code="a">Depression</subfield>
</datafield>
<datafield ind1=" " ind2=" " tag="653">
<subfield code="a">Anxiety</subfield>
</datafield>
<datafield ind1=" " ind2=" " tag="653">
<subfield code="a">HADS</subfield>
</datafield>
<datafield tag="245" ind1="0" ind2="0">
<subfield code="a">Related Factors with Depression and Anxiety in Mastectomized Women Breast Cancer Survivors</subfield>
</datafield>
</record></metadata></record></GetRecord></OAI-PMH>